Normal view
MARC view
- Mahmood, Khurram.
Entry Personal Name
001 - CONTROL NUMBER
- control field: 5653
003 - CONTROL NUMBER IDENTIFIER
- control field: NUST
005 - DATE AND TIME OF LATEST TRANSACTION
- control field: 20171026103550.0
008 - FIXED-LENGTH DATA ELEMENTS
- fixed length control field: 171026|| aca||aabn | a|a d
040 ## - CATALOGING SOURCE
- Original cataloging agency: NUST
- Transcribing agency: NUST
100 ## - HEADING--PERSONAL NAME
- Personal name: Mahmood, Khurram.
670 ## - SOURCE DATA FOUND
- Source citation: Work cat.: (NUST)0: Mahmood, Khurram., Iqbal and the politics of Punjab, 1926-1938 :, 2010.
